000 00617nam a2200205 4500
001 123608
003 ES-MaACL
005 20250808062534.0
007 t|
008 070214s1956 sp r ||||1| spa d
100 1 _aRahner, Karl,
_d1904-1984
_995012
245 1 0 _aVisiones y profecías /
_cCarlos Rahner ; versión española por el P. Miguel Altolaguirre.
260 _aSan Sebastián :
_bDinor,
_c1956.
300 _a136 p. ;
_c19 cm.
490 1 _aPrisma
700 1 _aAltolaguirre, Miguel.
_920558
830 0 0 _aPrisma
_9180749
852 _aES-MaACL
_jC-11450
_bR.38534
999 _c123608
_d123608